000 00763cab a2200217 4500
001 ##L133131
008 060413n2006 000 0 eng u
035 _a(Sirsi) u133131
041 0 _aeng
100 1 _aCavanagh, Elaine
245 0 0 _aFocus 1
_bEssex
260 _c2006
490 _aEstates Gazette
_v(0614) 8 April 2006, 95-119(10)
520 _aCovers new thinking about Chelmsford's retail offer and the improving pick up in Essex's mid-range industrial market. Reports on the Thames Gateway regeneration effect and the ambitious plans for Harwich port.
590 _aIKA250406
690 _aPROPERTY-COMMERCIAL PROPERTY-COMMERCIAL PROPERTY MARKET
700 1 _aJack, Simon
700 1 _aHarris, David
700 1 _aTaylor, Andrew
942 _n0
999 _c76816
_d76816